000 00832nam a2200277Ia 4500
001 Z_5410
003 CHAP
008 220113s1990 xx 000 0 und d
010 _a168480
040 _cCHAP
082 _a636.4 G65
100 _aGonzález Hernández, Carlos
_949031
245 _aPorcinotecnia /
_cCarlos González Hernández
260 _aChapingo, Méx. :
_bUACH. Departamento de Zootecnia,
_c1990
300 _aDif. pág.
500 _aApuntes del profesor de la Facultad de Medicina Veterinaria de la Universidad de Camaguey, en 1992
650 _aGanado porcino
_xAlimentos y alimentación
_9140788
650 _aGanado porcino
_xManejo
_9140586
650 _aGanado porcino
_xReproducción
_945403
901 _a636.4 G65
902 _aM
910 _a1990
942 _c1
942 _cc1
999 _c168480
_d168480